Guide du leadership (Record no. 49560)
[ view plain ]
| 000 -LEADER | |
|---|---|
| fixed length control field | 00532nam a22001817a 4500 |
| 008 - FIXED-LENGTH DATA ELEMENTS--GENERAL INFORMATION | |
| fixed length control field | 110804t xxu||||| |||| 00| 0 eng d |
| 020 ## - INTERNATIONAL STANDARD BOOK NUMBER | |
| International Standard Book Number | 978-2-10-050715-3 |
| 040 ## - CATALOGING SOURCE | |
| Original cataloging agency | BUAC |
| Transcribing agency | CDIRSP |
| 041 ## - LANGUAGE CODE | |
| Language code of text/sound track or separate title | Fr |
| 100 ## - MAIN ENTRY--PERSONAL NAME | |
| Personal name | Radon, Bernard |
| 9 (RLIN) | 17985 |
| 245 ## - TITLE STATEMENT | |
| Title | Guide du leadership |
| Remainder of title | : progresser vers la fonction de dirigeant |
| Statement of responsibility, etc | / Bernard, Radon |
| 300 ## - PHYSICAL DESCRIPTION | |
| Extent | 246 p. |
| 440 ## - SERIES STATEMENT/ADDED ENTRY--TITLE | |
| Title | ( STRATEGIES ET MANAGEMENT) |
| 9 (RLIN) | 17986 |
| 600 ## - SUBJECT ADDED ENTRY--PERSONAL NAME | |
| Personal name | Garelli, Stéphane |
| Titles and other words associated with a name | Préf. |
| 9 (RLIN) | 17987 |
| 653 ## - INDEX TERM--UNCONTROLLED | |
| Uncontrolled term | Leadership, |
| 653 ## - INDEX TERM--UNCONTROLLED | |
| Uncontrolled term | Dirigeant |
| 942 ## - ADDED ENTRY ELEMENTS (KOHA) | |
| Item type | Livre |
| Withdrawn status | Lost status | Damaged status | Not for loan | Location (home branch) | Sublocation or collection (holding branch) | Date acquired | Source of acquisition | Koha issues (times borrowed) | Koha full call number | Piece designation (barcode) | Koha date last seen | Copy number | Price effective from | Koha item type |
|---|---|---|---|---|---|---|---|---|---|---|---|---|---|---|
| Centre de Documentation et d'Information de l'Institut Regional Santé Publique | Centre de Documentation et d'Information de l'Institut Regional Santé Publique | 04/08/2011 | Achat | H F 5546-5548.6 RAD | 4512CDIRSP | 04/08/2011 | 1 | 04/08/2011 | Livre | |||||
| Centre de Documentation et d'Information de l'Institut Regional Santé Publique | Centre de Documentation et d'Information de l'Institut Regional Santé Publique | 04/08/2011 | Achat | H F 5546-5548.6 RAD | 4513CDIRSP | 04/08/2011 | 1 | 04/08/2011 | Livre | |||||
| Centre de Documentation et d'Information de l'Institut Regional Santé Publique | Centre de Documentation et d'Information de l'Institut Regional Santé Publique | 04/08/2011 | Achat | H F 5546-5548.6 RAD | 45I4CDIRSP | 04/08/2011 | 1 | 04/08/2011 | Livre exclu du prêt |